SL Benfica Squad Champions League 2024/2025 - Statistics

General Stats
  • This quiz has been taken 46 times
  • The average score is 16 of 24
Answer Stats
Picture Answer % Correct
Nicolás Otamendi
97%
Orkun Kökçü
92%
Ángel Di María
89%
Renato Sanches
89%
Anatoliy Trubin
86%
Álvaro Carreras
78%
Alexander Bah
76%
Fredrik Aursnes
76%
Vangelis Pavlidis
76%
Andrea Belotti
73%
Florentino
70%
Tomás Araújo
65%
Zeki Amdouni
62%
Arthur Cabral
59%
Kerem Aktürkoğlu
57%
Samuel Soares
57%
Gianluca Prestianni
51%
Leandro Barreiro
51%
Manu Silva
49%
Samuel Dahl
46%
Andreas Schjelderup
43%
Adrian Bajrami
41%
Benjamin Rollheiser
41%
Tiago Gouveia
41%
No matching quizzes found
Score Distribution
Percent of People with Each Score
Percentile by Number Answered
Your Score History
You have not taken this quiz